La última emperatriz de China / (Record no. 90909)

MARC details
000 -CABECERA
campo de control de longitud fija 00680nam a2200217 a 4500
005 - FECHA Y HORA DE LA ÚLTIMA TRANSACCIÓN
campo de control 20210223124702.0
008 - ELEMENTOS DE LONGITUD FIJA--INFORMACIÓN GENERAL
campo de control de longitud fija 020826s1993 ag r 000 0 spa d
020 ## - NÚMERO INTERNACIONAL NORMALIZADO PARA LIBROS
Número Internacional Estándar del Libro 9501513130
035 ## - NÚMERO DE CONTROL DEL SISTEMA
Número de control de sistema UPN01000118542
049 ## - COLECCIÓN
Colección CG
050 #4 - SIGNATURA TOPOGRÁFICA DE LA BIBLIOTECA DEL CONGRESO
Número de clasificación DS763.63 T9.8
Número de documento/Ítem S4.38
100 1# - ASIENTO PRINCIPAL--NOMBRE PERSONAL
Nombre de persona Seagrave, Sterling
245 13 - MENCIÓN DE TÍTULO
Título La última emperatriz de China /
Mención de responsabilidad, etc. Streling Seagrave ; tr. Clotilde Rezzano de Martini.
260 ## - PUBLICACIÓN, DISTRIBUCIÓN, ETC.
Lugar de publicación, distribución, etc. Buenos Aires :
Nombre del editor, distribuidor, etc. Javier Vergara,
Fecha de publicación, distribución, etc. c1993.
300 ## - DESCRIPCIÓN FÍSICA
Extensión 524 p.
440 #0 - MENCIÓN DE SERIE/ASIENTO SECUNDARIO--TÍTULO
Título Biografía e historia
534 ## - NOTA SOBRE LA VERSIÓN ORIGINAL
Frase introductoria Traducción de:
Mención de título del original Dragon lady
600 14 - ASIENTO SECUNDARIO DE MATERIA - NOMBRE PERSONAL
Nombre de persona TZ'U-HSI,
Títulos y otros términos asociados al nombre EMPERADORA VIUDA DE CHINA,
Fechas asociadas al nombre 1835-1908
650 #4 - ASIENTO SECUNDARIO DE MATERIA - TERMINO TEMATICO
Término de materia o nombre geográfico como elemento de entrada EMPERADORES CHINOS
9 (RLIN) 20943
905 ## - TIPO DE MATERIAL
Tipo de material Libro
Holdings
Estado de retiro Estado de pérdida Fuente del sistema de clasificación o colocación Estado dañado No para préstamo Código de colección Localización permanente Ubicación/localización actual Ubicación en estantería Fecha de adquisición Total de préstamos Clasificación Código de barras Fecha visto por última vez Fecha del último préstamo Número de copia Tipo de ítem Koha
    Library of Congress Classification     Colección General Bib. Gregorio Torres Quintero Bib. Gregorio Torres Quintero Planta baja 02/09/2022 5 DS763.63 T9.8 S4.38 195424 07/09/2022 02/09/2022 1 Libro